| 000 | 00566 a2200157 4500 | ||
|---|---|---|---|
| 020 | _a1584885297 | ||
| 020 | _a9781584885290 | ||
| 082 | 0 | 4 | _a620.0042015 |
| 090 |
_c451 _d451 |
||
| 100 | 1 | _aPozrikidis, C. | |
| 245 | 1 | 0 |
_aIntroduction to finite and spectral element methods using matlab (R) / _cC. Pozrikidis. |
| 260 |
_a[S.l.] : _bChapman and Hall/CRC, _c2005. |
||
| 300 |
_a680 p. ; _c24 cm. |
||
| 942 |
_aSNS _cBK _k620.0042015 POZ |
||
| 999 |
_c29083 _d29083 |
||